Karshikasamskruthiyum malayalasahithyavum/ (Record no. 181995)

000 -LEADER
fixed length control field 00458nam a22001697a 4500
020 ## - INTERNATIONAL STANDARD BOOK NUMBER
ISBN 9788119443802
082 ## - DEWEY DECIMAL CLASSIFICATION NUMBER
Classification number M 306.349
Item number JOS/K
245 ## - TITLE STATEMENT
Title Karshikasamskruthiyum malayalasahithyavum/
Statement of responsibility, etc by Jose K. Manuel (ed.)
250 ## - EDITION STATEMENT
Edition statement 2nd ed.
260 ## - PUBLICATION, DISTRIBUTION, ETC. (IMPRINT)
Place of publication Kozhikode:
Name of publisher Pavanatma Publishers,
Year of publication 2024.
300 ## - PHYSICAL DESCRIPTION
Number of Pages 287p.
650 ## - SUBJECT ADDED ENTRY--TOPICAL TERM
Topical Term Agricultural Sociology
650 ## - SUBJECT ADDED ENTRY--TOPICAL TERM
Topical Term Culture
650 ## - SUBJECT ADDED ENTRY--TOPICAL TERM
Topical Term Social Sciences
700 ## - ADDED ENTRY--PERSONAL NAME
Personal name Jose K. Manuel (ed.)
942 ## - ADDED ENTRY ELEMENTS (KOHA)
Koha item type Book
Holdings
Withdrawn status Lost status Damaged status Not for loan Permanent Location Current Location Shelving location Date acquired Cost, normal purchase price Full call number Accession Number Price effective from Koha item type
        Sree Sankaracharya University of Sanskrit Sree Sankaracharya University of Sanskrit Stacks 03.06.2026 570.00 M 306.349 JOS/K 109007 03.06.2026 Book